000
00299nam a22001337a 4500
008
210309b ||||| |||| 00| 0 eng d
041
_a
eng
080
_a
32
082
_a
32
100
_a
21
101
_a
SHP
245
_a
The Spirit and Structure of German Fascism
_c
Brady,A.R
942
_2
udc
_c
BK
999
_c
56046
_d
56046